The Living Thoughts of Gotama the Buddha: (Record no. 38945)

MARC details
000 -LEADER
fixed length control field 02469nam a22001697a 4500
020 ## - INTERNATIONAL STANDARD BOOK NUMBER
ISBN 9788119139064
082 ## - DEWEY DECIMAL CLASSIFICATION NUMBER
Classification number 294.363
Item number COO-L
100 ## - MAIN ENTRY--AUTHOR NAME
Personal name Coomaraswamy, Ananda K.
245 ## - TITLE STATEMENT
Title The Living Thoughts of Gotama the Buddha:
Statement of responsibility, etc By Ananda K. Coomaraswamy; I.B. Horner
260 ## - PUBLICATION, DISTRIBUTION, ETC. (IMPRINT)
Place of publication New Delhi:
Name of publisher Manohar,
Year of publication 2024.
300 ## - PHYSICAL DESCRIPTION
Number of Pages viii, 227p.
Other physical details Index
520 ## - SUMMARY, ETC.
Summary, etc This volume by Coomaraswamy and Horner is dedicated to the greatest teacher in the entire history of humankind, Gotama, famously known as Buddha. It commences with the life sketch of the greatest sage who formed the fourth largest religion in the world, i.e. Buddhism. The vol­ume covers the hagiography of Buddha – his birth, attainment of en­lightenment, ministry, and death. Buddha’s sermons, initiation into dis­cipleship and training, rules and regulations, moralism, and faith are all covered in this edition. Major teachings, philosophies, and metaphysical knowledge associated with Buddhism such as causality, the issue of dhamma, the meaning and the philosophy of life and death, and awareness of the inner self are discussed in this volume. Similarly, both Coomaraswamy and Horner also discuss the issues of heresiology, dhamma for the common folk, sacrifices, treatment of animals, and familial and societal responsibilities from Buddha’s perspective. The work will greatly benefit scholars, researchers, and enthusiasts of Bud­dhist studies, religious studies, and ancient Indian history. About the Author Ananda K. Coomaraswamy (22 August 1877–9 September 1947) is a Ceylon-based metaphysician, historian, theorist, and philosopher of Indian art. He brought the Indian tradition of art into the western world. He was also seen as the bridge-maker between western and Indian art and phil­osophy, as he was much inspired by Hindu and Greco-Roman trad­itions. His works were influenced by the Traditionalist and Perennial Schools of Philosophy. He authored several books which were based on the traditional arts, metaphysics, and social criticism. He was also the curator of Indian art at the Boston Museum of Fine Arts. I.B. Horner (30 March 1896–25 April 1981) was an English Indologist. A renowned scholar of Pali literature, she was the president of the Pali Text Society (1959-1981).<br/>
650 ## - SUBJECT ADDED ENTRY--TOPICAL TERM
Topical Term Gautama Buddha
Form subdivision Biography
General subdivision Living thought
Geographic subdivision India
650 ## - SUBJECT ADDED ENTRY--TOPICAL TERM
Topical Term Literature
Form subdivision Pali literature
Geographic subdivision India
700 ## - ADDED ENTRY--PERSONAL NAME
Personal name I.B. Horner
942 ## - ADDED ENTRY ELEMENTS (KOHA)
Source of classification or shelving scheme Dewey Decimal Classification
Koha item type Books
Holdings
Withdrawn status Lost status Damaged status Not for loan Home library Current library Date acquired Source of acquisition Cost, normal purchase price Bill Date Full call number Accession Number Cost, replacement price Price effective from Koha item type
        NASSDOC Library NASSDOC Library 21/03/2024 Rajasthani Granthagar 469.30 2024-03-18 294.363 COO-L 54129 650.00 18/03/2024 Books